[Event " "]
[Site "Lyon Olympique Echecs"]
[Date "1.??.??"]
[Round "11.4"]
[White "Kessler, Martin"]
[Black "Benitah, Yohan"]
[Result "0-1"]
[WhiteElo "2149"]
[BlackElo "2434"]
[PlyCount "116"]
[EventDate "1.??.??"]
[WhiteTeam "Paris Chess Club II"]

1. e4 c5 2. Nf3 d6 3. d4 cxd4 4. Nxd4 Nf6 5. Nc3 a6 6. Bc4 e6 7. Bb3 Be7 8. Be3
O-O 9. Qe2 b5 10. O-O-O Qc7 11. a3 Nc6 12. g4 Na5 13. g5 Nxb3+ 14. Nxb3 Nd7 15.
f4 Bb7 16. Rhg1 Rac8 17. f5 exf5 18. exf5 Rfe8 19. Rg3 d5 20. Qh5 g6 21. Qh4 h5
22. Bd4 Bd6 23. Rf3 Re2 24. fxg6 fxg6 25. Rdf1 Re7 26. Qf2 Qb8 $11 27. Rf7 Rf8
28. Rxf8+ Qxf8 29. Bf6 Rf7 30. Qe2 Be5 31. Qd3 Bxf6 32. gxf6 Rxf6 33. Rxf6 Qxf6
34. Nxd5 Qg5+ 35. Ne3 Ne5 36. Qd2 Nf3 37. Qe2 Nxh2 38. Kb1 Nf3 39. Nf1 Qe5 40.
Qd3 Be4 41. Qe3 Bd5 42. Nc5 a5 43. Nd3 Qxe3 44. Nxe3 Bc6 45. Nf4 Kf7 46. Kc1 h4
47. c4 g5 48. Ne2 bxc4 49. Nxc4 a4 50. Ne3 Bd7 51. Kd1 g4 52. Nf1 Kf6 53. Nc3
Bc6 54. Ke2 g3 55. Ne3 h3 56. Ng4+ Kg5 57. Nf2 Nd4+ 58. Ke1 gxf2+ 0-1

[Event " "]
[Site "Lyon Olympique Echecs"]
[Date "1.??.??"]
[Round "11.5"]
[White "Ravot, Sylvain"]
[Black "Moussard, Jules"]
[Result "1-0"]
[WhiteElo "2226"]
[BlackElo "2181"]
[PlyCount "81"]
[EventDate "1.??.??"]
[WhiteTeam "Lyon Olympique Echecs"]
[BlackTeam "Paris Chess Club II"]

1. e4 c5 2. Nf3 d6 3. d4 cxd4 4. Nxd4 Nf6 5. Nc3 a6 6. Bg5 e6 7. f4 Qb6 8. Qd2
Qxb2 9. Rb1 Qa3 10. e5 Nd5 11. Nxd5 exd5 12. Rb3 Qxa2 13. Qe3 Qa5+ 14. Kf2 dxe5
15. Qxe5+ Kd7 16. Bb5+ Nc6 17. Nxc6 Qd2+ 18. Kg3 axb5 19. Nd4 f6 20. Qxd5+ Bd6
21. Rd3 Qb4 22. Qf7+ Kd8 23. Bxf6+ gxf6 24. Qxf6+ Kc7 25. Nxb5+ $1 Kb8 26.
Qxd6+ Qxd6 27. Nxd6 Rg8+ 28. Kf2 Ra2 29. Rd2 Bd7 30. Re1 Bc6 31. g3 h5 32. f5
Ra5 33. f6 Rf8 34. f7 Rxf7+ 35. Nxf7 Rf5+ 36. Ke3 Rxf7 37. Rf2 Re7+ 38. Kd2
Rd7+ 39. Kc3 Kc7 40. Re5 Rh7 41. Rff5 1-0

[Event " "]
[Site "Lyon Olympique Echecs"]
[Date "1.??.??"]
[Round "11.6"]
[White "Kohi, Camilla"]
[Black "Safranska, Anda"]
[Result "0-1"]
[WhiteElo "1875"]
[BlackElo "2295"]
[PlyCount "94"]
[EventDate "1.??.??"]
[WhiteTeam "Paris Chess Club II"]

1. e4 c6 2. d4 g6 3. c3 Bg7 4. f4 d5 5. e5 Nh6 6. Nf3 Bg4 7. Be2 f6 8. b3 O-O
9. O-O Nd7 10. c4 fxe5 11. fxe5 Bxf3 12. Rxf3 Rxf3 13. Bxf3 dxc4 14. bxc4 Nf5
15. Bb2 Qb6 16. Qb3 Nxe5 17. Nd2 Nxf3+ 18. Nxf3 Qxb3 19. axb3 c5 20. Rd1 Rd8
21. Ng5 Bxd4+ 22. Bxd4 Nxd4 23. Kf2 h6 24. Nf3 Kg7 25. b4 b6 26. bxc5 bxc5 27.
Ra1 Nc6 28. Ra6 Rd6 29. Ke3 Ne5 30. Rxa7 Nxc4+ 31. Ke2 Kf6 32. Rc7 Rd5 33. Rc6+
Nd6 34. Nd2 Kf5 35. Nf1 Re5+ 36. Kd3 Kf4 37. Ng3 h5 38. Ne2+ Kf5 39. Ng3+ Ke6
40. Ne2 g5 41. Rc7 h4 42. Nc3 Kf5 43. Nd1 Kf4 44. Nc3 Re3+ 45. Kd2 Rxc3 46.
Kxc3 Nb5+ 47. Kc4 Nxc7 0-1

[Event " "]
[Site "Lyon Olympique Echecs"]
[Date "1.??.??"]
[Round "11.7"]
[White "Lacour, Serge"]
[Black "Figiel, Alexis"]
[Result "1-0"]
[WhiteElo "2172"]
[BlackElo "1750"]
[PlyCount "37"]
[EventDate "1.??.??"]
[WhiteTeam "Lyon Olympique Echecs"]
[BlackTeam "Paris Chess Club II"]

1. d4 Nf6 2. c4 d6 3. Nc3 g6 4. e4 Bg7 5. Bd3 Nbd7 6. Nge2 O-O 7. O-O e5 8. d5
Nc5 9. Bc2 a5 10. a3 Bd7 11. Be3 Qe7 12. Qd2 Nfxe4 13. Bxe4 f5 14. Bc2 f4 15.
Bxc5 dxc5 16. f3 b6 17. Rad1 Rf6 18. Ne4 Rff8 19. d6 1-0

[Event " "]
[Site "Lyon Olympique Echecs"]
[Date "1.??.??"]
[Round "11.8"]
[White "Allouet, Jean-Marc"]
[Black "Soubrier, Aude"]
[Result "0-1"]
[WhiteElo "1650"]
[BlackElo "1953"]
[PlyCount "54"]
[EventDate "1.??.??"]
[WhiteTeam "Paris Chess Club II"]

1. f4 d5 2. Nf3 Nf6 3. e3 c5 4. b3 e6 5. Bb2 Nbd7 6. Bb5 a6 7. Be2 Be7 8. O-O
O-O 9. Ne5 Nxe5 10. fxe5 Nd7 11. d4 f5 12. Qe1 b5 13. Nd2 Bb7 14. Rf3 Rc8 15.
Qd1 Nb6 16. Rg3 b4 17. a4 a5 18. Rc1 c4 19. Nf3 c3 20. Ba1 Kh8 21. Ne1 g5 22.
Bd3 g4 23. Rxg4 fxg4 24. Qxg4 Bg5 25. Qh3 Rc7 26. Rd1 Rcf7 27. Kh1 Rf1+ 0-1